000
00304nam a22001457a 4500
008
221109b ||||| |||| 00| 0 eng d
020
_a
9781465299956
041
_a
eng
080
_a
61
082
_a
61 GIN
100
_a
8
101
_a
MJK
245
_a
FITNES FOR LIFE
_c
GINTER K
942
_2
udc
_c
BK
999
_c
58804
_d
58804